Tilastot visalle Suomalaiset festarit

Klikkaa tästä pelataksesi tätä visaa!

Yleistilastot

  • Tätä visaa on pelattu 628 kertaa
  • Keskiarvotulos 6 / 21

Vastaustilastot

HintVastaus% Oikein
Flow FestivalHelsinki
78%
ProvinssirockSeinäjoki
76%
IlosaarirockJoensuu
73%
QstockOulu
67%
Down By The LaituriTurku
66%
BlockfestTampere
55%
Summer UpLahti
41%
Jurassic RockMikkeli
39%
PuistobluesJärvenpää
29%
Iskelmä festivaaliJämsä
27%
RakuunaRockLappeenranta
19%
OlusetIisalmi
14%
Sata-Häme SoiIkaalinen
13%
KarmarockHarjavalta
10%
April JazzEspoo
8%
ÄmyrockHämeenlinna
8%
Satama Open AirKemi
8%
Steelfest Open AirHyvinkää
4%
NallerockKitee
4%
NummirockKauhajärvi
3%
IlofestivalTuusula
0%

Tulosjakauma

Persentiili vastausten määrän mukaan

Jokaisen tuloksen saaneiden osuus

Tuloshistoriasi

Et ole pelannut tätä visaa